Букварь (Запись № 13420809)

Подробности
000 -МАРКЕР
контрольное поле 02148nam0a2200397 4500
001 - ИДЕНТИФИКАТОР ЗАПИСИ
контрольное поле RU\NLR\BIBL_A\011918677
005 - ИДЕНТИФИКАТОР ВЕРСИИ
контрольное поле 20250128194045.0
010 ## - МЕЖДУНАРОДНЫЙ СТАНДАРТНЫЙ НОМЕР КНИГИ (ISBN)
Номер (ISBN) 978-5-09-069763-7
Тираж 129
021 ## - НОМЕР ГОСУДАРСТВЕННОЙ РЕГИСТРАЦИИ
Код страны Российская Федерация
Номер КН-П-19-045908
Номер Листа государственной регистраци КН-П-19-3355
021 ## - НОМЕР ГОСУДАРСТВЕННОЙ РЕГИСТРАЦИИ
Код страны Российская Федерация
Номер КН-П-18-094823
Номер Листа государственной регистраци КН-П-18-6881
021 ## - НОМЕР ГОСУДАРСТВЕННОЙ РЕГИСТРАЦИИ
Код страны Российская Федерация
Номер КН-П-21-088550
Номер Листа государственной регистраци КН-П-21-7058
035 ## - ДРУГИЕ СИСТЕМНЫЕ НОМЕРА
Идентификатор записи (NLR Aleph) 011918677
100 ## - ДАННЫЕ ОБЩЕЙ ОБРАБОТКИ
Данные общей обработки 20190128d2018 c y0rusy50 ca
101 0# - ЯЗЫК РЕСУРСА
Язык текста, звукозаписи и т.д. русский
-- ниуэ
102 ## - СТРАНА ПУБЛИКАЦИИ ИЛИ ПРОИЗВОДСТВА
Страна публикации Российская Федерация
105 ## - ПОЛЕ КОДИРОВАННЫХ ДАННЫХ: ТЕКСТОВЫЕ МАТЕРИАЛЫ, МОНОГРАФИЧЕСКИЕ
Кодированные данные о монографическом текстовом документе a z 000zy
200 1# - ЗАГЛАВИЕ И СВЕДЕНИЯ ОБ ОТВЕТСТВЕННОСТИ
Основное заглавие Букварь
Сведения, относящиеся к заглавию 1 класс
-- учебное пособие на нивхском языке (амурский диалект) для общеобразовательных организаций
Первые сведения об ответственности А. А. Юшкина
210 ## - ПУБЛИКАЦИЯ, РАСПРОСТРАНЕНИЕ И ДР.
Место издания, распространения и т.д. Санкт-Петербург
Имя издателя, распространителя и т. д. Филиал изд-ва "Просвещение"
Дата издания, распространения и т.д. 2018
215 ## - ФИЗИЧЕСКАЯ ХАРАКТЕРИСТИКА
Специфическое обозначение материала и объем 174 с.
Другие сведения о физической характеристике цв. ил., табл.
Размеры 26
Сопроводительный материал брошюра (14, [1] с.; 16х21 см.)
-- [2] л. цв. ил., алфавит
225 1# - СЕРИЯ
Основное заглавие серии Новый учебник Дальнего Востока
225 1# - СЕРИЯ
Основное заглавие серии ФГОС
311 ## - ПРИМЕЧАНИЯ, ОТНОСЯЩИЕСЯ К ПОЛЯМ СВЯЗИ (ПРИМЕЧАНИЯ О СВЯЗИ С ДРУГИМИ ПРОИЗВЕДЕНИЯМИ (ИЗДАНИЯМИ))
Текст примечания Загл. прил: В помощь учителю: дидактические материалы к учебному пособию на нивхском языке (амурский диалект) "Букварь. 1 класс"
422 #0 - ИЗДАНИЕ, К КОТОРОМУ ОТНОСИТСЯ ПРИЛОЖЕНИЕ
Встроенное поле 2001#$aВ помощь учителю$eдидактические материалы к учебному пособию на нивхском языке (амурский диалект) "Букварь. 1 класс"
Заглавие В помощь учителю
512 1# - ЗАГЛАВИЕ ОБЛОЖКИ
Заглавие обложки Нивхгу букварь
Язык заглавия ниуэ
606 1# - НАИМЕНОВАНИЕ ТЕМЫ КАК ПРЕДМЕТ
Наименование темы Нивхский язык
Формальный подзаголовок Буквари
Тематический подзаголовок Амурский диалект
Системный номер авторитетной/нормативной записи 2595281
Идентификатор авторитетной/нормативной записи RU\NLR\AUTH\661533468
610 0# - НЕКОНТРОЛИРУЕМЫЕ ПРЕДМЕТНЫЕ ТЕРМИНЫ
Предметный термин амурский диалект нивхского языка
686 3# - ИНДЕКСЫ ДРУГИХ КЛАССИФИКАЦИЙ
Индекс Ш175.35-922.1[1]б
700 #1 - ИМЯ ЛИЦА - ПЕРВИЧНАЯ ОТВЕТСТВЕННОСТЬ
Начальный элемент ввода Юшкина
Часть имени, кроме начального элемента ввода А. А.
Расширение инициалов личного имени Альбина Акимовна
852 ## - МЕСТОНАХОЖДЕНИЕ И ШИФР ХРАНЕНИЯ
Идентификатор организации NLR
Наименование фонда или коллекции (Sub-Location Identifier) ОНЛ
Шифр хранения (Call Number) Нивх./4-9
942 ## - ДОПОЛНИТЕЛЬНЫЕ ЭЛЕМЕНТЫ ЗАПИСИ (АБИС)
Тип экземпляра АБИС Книга
980 ## - КОЛЛЕКЦИЯ
Название коллекции НБР
980 ## - КОЛЛЕКЦИЯ
Название коллекции Национальная библиография
Экземпляры
Тип экземпляра Дата поступления Источник поступления Библиотека постоянного хранения Библиотека текущего хранения Место хранения Шифр хранения Штрих-код Статус экземпляра
Книга 28.01.2019 Обязательный экземпляр РНБ (Московский) РНБ (Московский) Фонд национальных литератур ОНЛ Нивх./4-9 1-2593017  
Книга 15.08.2019 Обязательный экземпляр РНБ (Московский) РНБ (Московский) Обменный фонд   1-2822965  
Книга 25.03.2022 Обязательный экземпляр РНБ (Московский) РНБ (Московский) Обменный фонд   1-3691911